Centraal Afrikaanse Republiek Trivia Quiz - Statistieken

Algemene statistieken
  • Deze quiz is 253 keer genomen
  • De gemiddelde score is 13 van 19
Antwoordstatistieken
Hint Antwoord % Correct
Aangrenzende landen Democratische Republiek Congo
99%
Aangrenzende landen Republiek Congo
98%
Officiële talen Frans
97%
Aangrenzende landen Zuid-Soedan
94%
Aangrenzende landen Tsjaad
93%
Aangrenzende landen Kameroen
91%
Aangrenzende landen Soedan
90%
Hoofdstad Bangui
78%
CAR heeft de laagste ________ van elk land, 52,8 jaar Levensverwachting
71%
'S'-woord voor een met gras begroeid ecosysteem, zoals het ecosysteem dat bijna heel de CAR beslaat Savanne
70%
Valuta CFA-Frank
59%
Titel die president Jean-Bédel Bokassa zichzelf in 1979 gaf Keizer
59%
Door de afgelegen ligging en het gebrek aan elektriciteit heeft CAR de minste ____vervuiling van alle landen Licht
49%
Deze maken 57% van de officiële export uit, en er worden er nog veel meer illegaal naar het buitenland gesmokkeld Diamanten
48%
Ziekteverspreidende vlieg die het hoeden van vee belemmert {Tseetsee}vlieg
47%
Kompassen werken mogelijk niet correct in de CAR omdat het grootste deel van het land is bedekt met een grote ______ anomalie Magnetische
46%
Op één na grootste stad Bimbo
24%
Officiële talen Sango
24%
Rivier waaraan de hoofdstad ligt Ubangi
24%
Geen overeenkomende quizzen gevonden
Scoreverdeling
Procent van Mensen met Elke Score
Percentiel versus Aantal Correcte Antwoorden
Uw Scoregeschiedenis
U heeft deze quiz nog niet genomen